00937nam a22002657a 45000010005000000030006000050050017000110080041000280200018000690400029000870500015001160820011001311000020001422450068001622500045002302600037002753000049003125050008003615200157003695210020005265210020005466500034005666500038006007000033006388461FISKH20250915084633.0250915b cb ||||| |||| 00| 0 eng d a9780545327060 aFISKHbengcFISKHdFISKH aQB209 .A35 a389.17 aAdler, David A. aTime zones / cby David A.Adler : illustrated by Edward Miller  aFirst Scholastic printing, December 2010 aNew York : bScholastic ,c2010. a31 pages : bcolor illustrations ;c25 cm .  aU  aDiscusses the reasons for time differences in different parts of the world and the history behind the division of the world into twenty-four time zones.8 a850 bLexile 8 aU bRaz-Plus  aEarth Sun & MoonvNon-fiction aTime zones - historyvNon-fiction aMiller, EdwardeIllustrator